LEADER 01315nam2-2200409---450- 001 990006139080203316 005 20160421090808.0 010 $a84-7100-627-8 035 $a000613908 035 $aUSA01000613908 035 $a(ALEPH)000613908USA01 035 $a000613908 100 $a20160111d1995----km-y0itay50------ba 101 $aspa 102 $aES 105 $a||||||||001yy 200 1 $a<> abate Viscardo$ehistoria y mito de la intervencion de los jesuitas en la independencia de Hispanoamerica$fMiguel Batllori 205 $aNueva edición 210 $cEditorial Mapfre$d1995 215 $a393 p.$cill.$d23 cm 225 2 $aColecciones Mapfre 1492. Relaciones entre Espana y America$v24 410 0$1001000613871$aColecciones Mapfre 1492. Relaciones entre Espana y America$v, 24 454 1$12001 461 1$1001$12001 606 $aGesuiti$xStoria$yAmerica Latina$zSec. 18. 676 $a271.053 700 1$aBATLLORI,$bMiguel$0168708 801 0$aIT$bsalbc$gISBD 912 $a990006139080203316 951 $aVI.7.COLL.14/ 24$b181 ISLA 959 $aBK 969 $aUMA 979 $aMARANO$b90$c20160411$lUSA01$h1442 979 $aMARANO$b90$c20160411$lUSA01$h1445 979 $aMARANO$b90$c20160421$lUSA01$h0908 996 $aAbate Viscardo$9522042 997 $aUNISA LEADER 02165oam 2200577 450 001 9910707053103321 005 20160321165137.0 035 $a(CKB)5470000002460957 035 $a(OCoLC)937440494$z(OCoLC)889715936 035 $a(EXLCZ)995470000002460957 100 $a20160208d1992 ua 0 101 0 $aeng 135 $aurm|||||||||| 181 $ctxt$2rdacontent 182 $cc$2rdamedia 183 $acr$2rdacarrier 200 10$aSedimentology and depositional history of the Upper Triassic Chinle Formation in the Uinta, Piceance, and Eagle basins, northwestern Colorado and northeastern Utah /$fby Russell F. Dubiel 210 1$a[Reston, Va.] :$cU.S. Department of the Interior, U.S. Geological Survey,$d1992. 210 2$a[Washington, D.C.] :$cUnited States Government Printing Office. 215 $a1 online resource (iv, 25 pages) $cillustrations, maps 225 1 $aU.S. Geological Survey bulletin ;$v1787-W 225 1 $aEvolution of sedimentary basins--Uinta and Piceance basins ;$vch. W 300 $aTitle from title screen (viewed Mar. 21, 2016). 320 $aIncludes bibliographical references (pages 22-25). 606 $aGeology, Stratigraphic$yTriassic 606 $aGeology$zColorado 606 $aGeology$zUtah 606 $aGeology$2fast 606 $aGeology, Stratigraphic$2fast 606 $aTriassic Geologic Period$2fast 607 $aChinle Formation 607 $aColorado$2fast 607 $aUnited States$zChinle Formation$2fast 607 $aUtah$2fast 615 0$aGeology, Stratigraphic 615 0$aGeology 615 0$aGeology 615 7$aGeology. 615 7$aGeology, Stratigraphic. 615 7$aTriassic Geologic Period. 700 $aDubiel$b Russell F.$01399824 712 02$aGeological Survey (U.S.), 801 0$bOCLCE 801 1$bOCLCE 801 2$bCOP 801 2$bOCLCF 801 2$bGPO 906 $aBOOK 912 $a9910707053103321 996 $aSedimentology and depositional history of the Upper Triassic Chinle Formation in the Uinta, Piceance, and Eagle basins, northwestern Colorado and northeastern Utah$93507445 997 $aUNINA LEADER 01154nam0 22002893i 450 001 TO00572698 005 20251003044406.0 020 $aIT$b1953 8874 090 $a545593 100 $a20230918d1953 ||||0itac50 ba 101 | $aita 102 $ait 181 1$6z01$ai $bxxxe 182 1$6z01$an 183 1$6z01$anc$2RDAcarrier 200 1 $aˆLe ‰fonti delle obbligazioni secondo le varie classificazioni e la classificazione del nuovo codice civile$fCarmelo Scuto 210 $aNapoli$cLibreria Internazionale Treves$d1953 215 $aVII, 155 p.$d25 cm. 700 1$aScuto$b, Carmelo$3MILV086687$4070$0181654 801 3$aIT$bIT-000000$c20230918 850 $aIT-BN0095 901 $bNAP 01$cD $n$ 912 $aTO00572698 950 0$aBiblioteca Centralizzata di Ateneo$d 01D (AR) 5 932$e 01AR 0070059325 VMA 1 v.$fY $h20230918$i20230918$lFONDO CHIOMENTI$mEx Libris 977 $a 01 996 $aFonti delle obbligazioni secondo le varie classificazioni e la classificazione del nuovo Codice Civile$9581647 997 $aUNISANNIO